000 00693nam a22002057a 4500
003 KOHA_MİRAKIL
005 20260414081723.0
008 260414b tu ||||| |||| 00| 0 tur d
040 _aTR-AnABB
_btur
_cTR-AnABB
041 _atur
082 _a338.9561
_bDOG
245 0 0 _aDoğu Anadolu Kalkınma Programı =
_bEastern Anatolia Development Programme /
_cDevlet Planlama Teşkilatı
260 _aAnkara :
_bDevlet Planlama Teşkilatı,
_c200?
300 _a128 sayfa :
_bresim ;
_c24 cm
546 _aEser Türkçe, İngilizce paraleldir.
650 0 4 _aEkonomik politika
650 0 4 _aEkonomik politika, Türkiye
650 0 4 _aBölgesel kalkınma
942 _2ddc
_cBK
999 _c10221
_d10221
900 _bCan ÇELIK